Total War Warhammer 3 Immortal Empires : Seigneurs Légendaires - Statistiques

Statistiques générales
  • Ce quiz a été pris 197 fois
  • Le résultat moyen est 31 sur 89
Statistiques - réponses
Race Faction Seigneur % Correct
Bretonnie Couronne Louen Cœur de Lion
80%
L'Empire Reikland Empereur Karl Franz
68%
Elfes Noirs Naggarond Malékith
68%
Hauts Elfes Eataine Tyrion
68%
Bretonnie Chevaliers de Lyonesse Jeanne de Lyonesse
65%
Norsca Croc de l'Hiver Throgg
63%
Peaux-Vertes Les Durs à Kuir' de ... Grimgor Boît'en Fer
62%
Bretonnie Gasconnie La Fée Enchanteresse
62%
Norsca Marche-mondes Wulfrik le Vagabond
62%
Khorne Exilés de Khorne Skarbrand l'Exilé
58%
Nains Karaz-a-Karak Thorgrim le Rancunier
56%
Elfes Noirs Culte du Plaisir Morathi
55%
Bretonnie Errants de Bordeleaux Alberic de Bordeleaux
54%
Hauts Elfes Ordre des maîtres du savoir Teclis
54%
Comtes Vampires Sylvanie Vlad von Carstein
53%
Guerriers du Chaos Ost de guerre de l'Apocalypse Archaon seigneur de la fin des temps
50%
Peaux-Vertes Haches Brisées Grom la Panse
49%
Kislev La Cour de Givre Tsarine Katarina
49%
Hauts Elfes Avelorn Alarielle la Radieuse
46%
Kislev Revivalistes d'Ursun Boris Ursus
46%
Peaux-Vertes La Lune Crochue Skarsnik
46%
Nains Clan Angrund Belegar Marteau-de-Fer
45%
Hommes-Lézards Hexoatl Seigneur Mazdamundi
45%
L'Empire L'Ordre Doré Balthasar Gelt
44%
Hauts Elfes Chevaliers de Caledor Imrik
44%
Elfes Noirs Hag Graef Malus Darkblade
43%
L'Empire L'Expédition du jadsmarshall Markus Wulfhart
43%
Nains Karak Kadrin Ungrim Point de Fer
42%
Hauts Elfes Yvresse Eltharion le Sinistre
40%
Elfes Sylvains Talsyn Orion
40%
Hommes-Lézards Itza Gor-Rok
39%
Skavens Clan Skryre Ikit la Griffe
39%
Elfes Noirs Les Milles Gueules Rakarth
39%
Nains Expédition de Tête-en-Fer Thorek Tête-en-Fer
39%
Nains Le Throng ancestral Grombrindal - Le Nain Blanc
38%
Comtes Vampires Sylvanie Isabella von Carstein
38%
Slaanesh Séducteurs de Slaanesh N'Kari
38%
L'Empire Culte de Sigmar Volkmar le Sévère
38%
Hommes-bêtes Emissaire du Désastre Malagor le Mauvais-Présage
37%
Comtes Vampires La Conclave de Drakenhof Mannfred von Carstein
37%
Hauts Elfes Nagarythe Alith Anar
35%
Grand Cathay Provinces du Nord Miao Ying, le Dragon de Tempête
35%
Hommes-bêtes Tribu de Cornerouge Taurox le Taureau d'Airain
35%
Guerriers du Chaos Légion de la Reine du Carnage Valkia la Sanglante
35%
Rois des Tombes Khemri Settra l'Impérissable
33%
Elfes Noirs Har Ganeth Hellebron l'Ancienne
32%
Elfes Noirs L'Effroi Béni Lokhir Cœur de Pierre
32%
Skavens Clan Mors Queek Coupe-Têtes
32%
Guerriers du Chaos L'Ost Décadent Sigvald le Magnifique
32%
Nurgle Véroleurs de Nurgle Ku'gath, Pére des Epidémies
31%
Royaumes Ogres Dent d'Or Graissus Dents d'Or
30%
Hommes-bêtes Harde guerrière de l'Enfant de l'Ombre Morghur l'Enfant de l'Ombre
30%
Tzeentch Oracles de Tzeentch Kairos le Tisseur de Destins
29%
Hommes-bêtes Harde de ... le ... Khazrak le Borgne
27%
Elfes Sylvains Argwylon Durthu
27%
Démons du Chaos Légion du Chaos Le Prince Démon
27%
Guerriers du Chaos Les Légions Extatiques Azazel
26%
Elfes Sylvains Bosquet de guerre du Malheur Drycha
26%
Kislev La Grande Orthodoxie Kostaltyn
26%
Guerriers du Chaos Légion des Ombres Be'lakor
25%
Guerriers du Chaos Les Fécondés Festus la Sangsue
25%
Hommes-Lézards Esprit de la jungle Nakai le Vagabond
25%
Rois des Tombes Fidèles de Nagash Arkhan le Noir
24%
Nains du Chaos Disciples d'Hashut Astragot Main-de-Fer
24%
Hommes-Lézards Ultimes Défenseurs Kroq-Gar
23%
Côte Vampire Pirates de Sartosa Aranessa Saumâtre
22%
Côte Vampire La Flotte de Terreur Compte Noctilus
22%
Elfes Sylvains Hérauts d'Ariel Sœurs du Crépuscule
22%
Guerriers du Chaos Hérauts des Tempêtes Kholek Dévore-le-Soleil
21%
Hommes-Lézards Fantômes de Pahuax Oxyotl
21%
Skavens Clan Moulder Throt le Galeux
21%
Côte Vampire L'Eveillé Luthor Harkon
20%
Grand Cathay Provinces de l'Ouest Zhao Ming, Le Dragon de Fer
20%
Comtes Vampires La Légion du Tertre Heinrich Kemmler
19%
Peaux-Vertes Zagiteurs d'Os Azagh le Massacreur
18%
Skavens Clan Eshin Maître Assassin Snikch
18%
Guerriers du Chaos Marionnettes de l'Anarchie Vilitch le Maudit
18%
Peaux-Vertes Les Mains sanglantes Wurrzag Eul' Grand Phophèt' Vert
18%
Nains du Chaos L'Ost de guerre de Zharr Zhatan le Noir
18%
Rois des Tombes Cour de Lybaras Haute Reine Khalida
17%
Comtes Vampires Caravane des Roses bleues Helman Ghorst
17%
Royaumes Ogres Disciples de la Gueule Skrag le Désosseur
16%
Côte Vampire Les Noyés Cylostra Mauvaileron
15%
Skavens Clan Rictus Tretch La-Queue-qui-Frétille
15%
Skavens Clan Pestilens Seigneur Skrolk
11%
Hommes-Lézards Culte de Sotek Tehenhauin
11%
Nains du Chaos La Légion d'Azgorh Drazhoath le Cendreux
10%
Rois des Tombes Exilés de Nehek Khatep le Haut Hiérophante
10%
Hommes-Lézards Tlaqua Tiktaq'to
7%
Aucun quiz correspondant
Distribution des résultats
% des personnes avec chaque résultat
Percentile par nombre de réponses
Votre historique - résultats
Vous n’avez pas pris ce quiz